|
|
|
|
| LEADER |
00674nab a2200145 i 4500 |
| 001 |
delm60020 |
| 005 |
20180927144557.0 |
| 008 |
180927s1932 hu o 0|| hun d |
| 040 |
|
|
|a SZTE Délmagyarország Archívum
|b hun
|
| 041 |
|
|
|a hun
|
| 245 |
0 |
2 |
|a A közgyűlés pénteken letárgyalta az indítványokat
|h [elektronikus dokumentum] :
|b a törvényhatóság felír a kormányhoz, hogy a Szegeden beszedett szükségadót Szegeden használják fel : leszállítják a termelők borfogyasztási adóját : a többség nem engedte tárgyalni a szociáldemokraták indítványát
|
| 260 |
|
|
|c 1932-01-30
|
| 300 |
|
|
|a 3-4
|
| 490 |
0 |
|
|a Délmagyarország
|v 8 No. 24
|
| 695 |
|
|
|a Közgyűlés Szeged
|